000 00341nam a2200121Ia 4500
008 250110s9999 xx 000 0 und d
041 _aeng
100 _aJhawar Radhika M
_9182891
245 _aTraditional Marketplace And Cultural Hub
260 _bBNCA B-Arch ID, Pune
_c2016
300 _a91p
700 _aGuide Name:Sowani Avinash
_9210568
999 _c363760
_d363760